<?xml version="1.0" encoding="UTF-8"?>
<collection xmlns="http://www.loc.gov/MARC21/slim">
 <record>
  <leader>00539pamaa2200145   4500</leader>
  <controlfield tag="001">0000023958</controlfield>
  <controlfield tag="005">20061208090000.0</controlfield>
  <datafield tag="020" ind1="0" ind2="0">
   <subfield code="a">0195060717 </subfield>
  </datafield>
  <datafield tag="090" ind1="0" ind2="0">
   <subfield code="a">PS153.N5 </subfield>
   <subfield code="b">CAR 1987</subfield>
  </datafield>
  <datafield tag="100" ind1="1" ind2="0">
   <subfield code="a">CARBY </subfield>
  </datafield>
  <datafield tag="245" ind1="1" ind2="0">
   <subfield code="a">Reconstructing womanhood : </subfield>
   <subfield code="b">the emergence of the Afro-American woman novelist  </subfield>
   <subfield code="c">Hazel V. Carby.</subfield>
  </datafield>
  <datafield tag="260" ind1="0" ind2="0">
   <subfield code="a">New York: </subfield>
   <subfield code="b">Oxford University Press, </subfield>
   <subfield code="c">1987.</subfield>
  </datafield>
  <datafield tag="300" ind1=" " ind2=" ">
   <subfield code="a">223p.; </subfield>
   <subfield code="c">22cm.</subfield>
  </datafield>
  <datafield tag="650" ind1="0" ind2="0">
   <subfield code="a">American fiction -- </subfield>
   <subfield code="x">Afro-American authors -- </subfield>
   <subfield code="x">History and criticism </subfield>
  </datafield>
  <datafield tag="650" ind1="0" ind2="0">
   <subfield code="a">American fiction -- </subfield>
   <subfield code="x">Women authors -- </subfield>
   <subfield code="x">History and criticism </subfield>
  </datafield>
 </record>
</collection>
